Responses for Show #6736 - Monday, December 23, 2013

Contestants

[<< previous game]

Larry White, an actuary from Hatboro, Pennsylvania

Kristina Lukach, a youth minister from Shrewsbury, Massachusetts

Jon Choi, a law student originally from Vancouver, British Columbia, Canada (whose 1-day cash winnings total $11,900)

[next game >>]

Jeopardy! Round responses

ANCIENT CHINESE EMPERORS
STREET SMARTS
IT'S MAGIC TIME!
LATIN WORDS & PHRASES
GREETINGS FROM THE NORTH POLE
MERRY CHRIS
    $200 6
Tang

Larry
    $200 7
a dead end

Kristina
    $200 22
Penn & Teller

Larry
    $200 1
the truth

Jon
    $200 13
swim

Larry
    $200 8
Saturday Night Live

Jon
    $400 18
flooding (the Great Flood)

Jon
    $400 16
a boulevard

Larry
    $400 23
(Kristina: What is backwards?)
(Jon: What is with his feet?)

blindfolded

JonKristinaLarry
    $400 2
alma mater

Jon
    $400 14
Polaris

Larry
    $400 9
Chris Rock

Kristina
    $600 19
Wen Di

Larry
    $600 17
a gutter

Jon
    $2,000 24
David Blaine

Larry
    $600 3
war

Larry
    $600 15
90 (degrees north)

Larry
    $600 10
Rush Hour

Kristina
    $800 20
bottleneck

Kristina
    $800 25
Criss Angel

Kristina
    $800 4
vice versa

Jon
    $800 27
the equinox

Kristina
    $800 11
Christopher Guest

Triple Stumper
    $1000 21
(Jon: What are streets?)
(Larry: What are subway lines?)

Avenues

JonLarry
Triple Stumper
    $1000 26
Ricky Jay

Triple Stumper
    $1000 5
(Kristina: What is "what the"--"let the speaker beware"?)

let the reader beware

Kristina
Triple Stumper
    $1000 28
[The end-of-round signal sounds.]

Greenland

Larry
    $1000 12
Christopher Lloyd

Triple Stumper

Scores at the first commercial break (after clue 15):

Jon Kristina Larry
$1,600 $200 $2,000

Scores at the end of the Jeopardy! Round:

Jon Kristina Larry
$1,200 $2,200 $5,600

Double Jeopardy! Round responses

CHEESY COUNTRIES
DOUBLE "F"
MASTERS OF SAX
I AM SOMEBODY
SOLVE THE MYSTERY TITLE
RADIOASTRONOMY
    $400 11
Italy

Kristina
    $400 6
a bouffant

Kristina
    $400 25
the Rolling Stones

Larry
    $400 19
Marilyn Monroe

Jon
    $400 15
Sin

Larry
    $400 1
a supernova

Jon
    $800 12
the U.K.

Jon
    $800 7
a giraffe

Kristina
    $800 26
"The Girl From Ipanema"

Larry
    $800 20
(Kristina: Who is Nebuchadnezzar?)
(Jon: Who is Darius?)

Cyrus

JonKristina
Triple Stumper
    $800 16
Crack'd

Larry
    $800 2
diesel

Larry
    $1200 13
the Netherlands

Jon
    $1200 8
a whiff

Larry
    $1200 27
Clarence Clemons

Larry
    $1200 21
Siri

Kristina
    $1200 17
Lawyer

Jon
    $1200 3
the Milky Way

Larry
    $1600 14
Denmark

Triple Stumper
    $1600 9
paraffin

Larry
    $1600 28
[The end-of-round signal sounds.]

"Take Five"

Triple Stumper
    $1600 22
Montgomery

Larry
    $1,000 18
(Jon: Umm.... What are... uh... Diamonds?)

Bones

Jon
    $1600 4
gravity waves

Larry
    $2000 10
(Kristina: What is a ruffian?)

a scofflaw

Kristina
Triple Stumper
    $2000 23
William Faulkner

Triple Stumper
    $2000 24
(Larry: What's Wolf?)

Burglar

Larry
Triple Stumper
    $5,000 5
pulsars

Larry

Scores at the end of the Double Jeopardy! Round:

Jon Kristina Larry
$3,400 $2,200 $20,200
(lock game)

[wagering suggestions for these scores]

Final Jeopardy! Round responses

PRESIDENTS & FILM
KristinaWhat is The American President?
$2,200
JonWhat is All the President's Men?
$1,200
LarryWhat is "All the President's Men"?
$5,000
All the President's Men

Final scores:

Jon Kristina Larry
$4,600 $0 $25,200
2nd place: $2,000 3rd place: $1,000 New champion: $25,200

Game dynamics:

Coryat scores:

Jon Kristina Larry
$4,400 $2,200 $15,800
11 R,
4 W
(including 1 DD)
10 R,
4 W
23 R
(including 2 DDs),
2 W

Combined Coryat: $22,400

[game clues] [game scores] [suggest correction]

Game tape date: 2013-10-08
The J! Archive is created by fans, for fans. Scraping, republication, monetization, and malicious use prohibited; this site may use cookies and collect identifying information. See terms. The Jeopardy! game show and all elements thereof, including but not limited to copyright and trademark thereto, are the property of Jeopardy Productions, Inc. and are protected under law. This website is not affiliated with, sponsored by, or operated by Jeopardy Productions, Inc. Join the discussion at JBoard.tv.